=Eclipse da lua azul (Record no. 14208)

MARC details
000 -LÍDER
campo de controle de tamanho fixo 00351 a2200157 4500
001 - NÚMERO DE CONTROLE
campo de controle 14208
020 ## - ISBN - INTERNATIONAL STANDARD BOOK NUMBER
ISBN - International Standard Book Number 9788589059589
040 ## - FONTE DA CATALOGAÇÃO
Instituição que transcreveu o registro Anchieta - Aquarius
100 ## - ENTRADA PRINCIPAL--NOME PESSOAL
Nome pessoal Knittel, Débora
240 10 - TÍTULO UNIFORME
Título uniforme =Eclipse da lua azul
Idioma da obra por
245 10 - TÍTULO
Título =Eclipse da lua azul
300 ## - DESCRIÇÃO FÍSICA
Extensão 220p.
362 0# - DATAS DE PUBLICAÇÃO E/OU DESIGNAÇÃO SEQUENCIAL
Datas de publicação e/ou designação sequencial 2014
650 #4 - ASSUNTO--TERMO TÓPICO
Cabeçalho tópico ou nome geográfico Literatura brasileira
942 ## - ELEMENTOS DE ENTRADA ADICIONADOS (KOHA)
Tipo de material Koha Livros
Holdings
Situação do descarte Situação das perdas Situação física Não pode ser emprestado Biblioteca de origem Biblioteca atual Data de aquisição Total de empréstimos Número de chamada completo Código de barras Devolução em Data de último acesso Data do último empréstimo Data do preço efetivo Tipo de material Koha
        Colégio Anchieta - Bela Vista Colégio Anchieta - Bela Vista 21/11/2023   869.93 K69e KNI ECL 4465/BEL   21/11/2023   21/11/2023 Livros
        Colégio São Paulo Colégio São Paulo 21/11/2023   LJ 028.5 KNI ECL 4008/ITA   21/11/2023   21/11/2023 Livros
        Colégio Anchieta - Aquarius Inspira 21/11/2023 1 869.93 KNI ECL 5960/AQU 31/03/2023 21/11/2023 21/11/2023 21/11/2023 Livros